Statystyki dla 15 najbardziej wartościowych piłkarzy na świecie

Kliknij tutaj aby rozwiązać quiz!

Ogólne statystyki

  • Ten quiz został rozwiązany 91 razy
  • Średni wynik to 10 z 15

Statystyki odpowiedzi

NRWartośćPaństwoPiłkarz% Poprawnych
2160,00mln €FrancjaKylian Mbappe
99%
1170,00mln €NorwegiaErling Haaland
93%
3120,00mln €
Brazylia
Vinicius Junior
80%
5100,00mln €HiszpaniaPedri
75%
990,00mln €HiszpaniaGavi
73%
1190,00mln €AngliaHarry Kane
73%
7100,00mln €NiemcyJamal Musiala
66%
8100,00mln €UrugwajFederico Valverde
65%
4110,00mln €AngliaPhil Foden
63%
1090,00mln €AngliaBukayo Saka
57%
6100,00mln €AngliaJude Bellingham
57%
1480,00mln €BrazyliaRodrygo
46%
1285,00mln €PortugaliaRafael Leao
39%
1380,00mln €FrancjaAurelien Tchouameni
37%
1580,00mln €AngliaDeclan Rice
31%

Rozkład punktacji

Percentyl według liczby udzielonych odpowiedzi

Procent ludzi z każdym wynikiem

Twoja historia wyników

Nie rozwiązałeś tego quizu